Геодезия, аэросъемка, картография (Запись № 2256972)

Подробности
000 -МАРКЕР
контрольное поле 02719nas1a22003251i 4500
001 - ИДЕНТИФИКАТОР ЗАПИСИ
контрольное поле RU\NLR\INFOCOMM16\1000024872
005 - ИДЕНТИФИКАТОР ВЕРСИИ
контрольное поле 20240725221912.0
011 ## - МЕЖДУНАРОДНЫЙ СТАНДАРТНЫЙ НОМЕР СЕРИАЛЬНОГО ИЗДАНИЯ (ISSN)
Номер (ISSN) 0203-932Х
035 ## - ДРУГИЕ СИСТЕМНЫЕ НОМЕРА
Идентификатор записи (NLR Aleph) 002763904
100 ## - ДАННЫЕ ОБЩЕЙ ОБРАБОТКИ
Данные общей обработки 20040205c1984 |||y0rusy50 ca
101 0# - ЯЗЫК РЕСУРСА
Язык текста, звукозаписи и т.д. русский
102 ## - СТРАНА ПУБЛИКАЦИИ ИЛИ ПРОИЗВОДСТВА
Страна публикации Российская Федерация
110 ## - ПОЛЕ КОДИРОВАННЫХ ДАННЫХ: ПРОДОЛЖАЮЩИЕСЯ РЕСУРСЫ
Кодированные данные продолжающегося ресурса ayu||||0|y0
200 1# - ЗАГЛАВИЕ И СВЕДЕНИЯ ОБ ОТВЕТСТВЕННОСТИ
Основное заглавие Геодезия, аэросъемка, картография
Сведения, относящиеся к заглавию Обзор. информ.
Наименование части Серия "Механизация и автоматизация геодезических, топографических картографических работ"
Первые сведения об ответственности ЦНИИ геодезии, аэросъемки и картографии им. Ф.Н.Красовского
210 ## - ПУБЛИКАЦИЯ, РАСПРОСТРАНЕНИЕ И ДР.
Место издания, распространения и т.д. М.
Дата издания, распространения и т.д. 1984-
300 ## - ОБЩИЕ ПРИМЕЧАНИЯ
Текст примечания В надзаг. также: Гл. упр. геодезии и картографии при Совете Министров СССР
300 ## - ОБЩИЕ ПРИМЕЧАНИЯ
Текст примечания Образовано в результате разделения: Обзорная информация. ЦНИИ геодезии, аэросъемки и картографии им. Ф.Н.Красовского (Шифр: П51/1087)
431 #0 - ПРОДОЛЖЕН ЧАСТИЧНО
Встроенное поле 2001#$aОбзорная информация$fЦНИИ геодезии, аэросъемки и картографии им. Ф.Н.Красовского
-- 852##$aNLR$jП51/1087
Заглавие Обзорная информация
801 #1 - ИСТОЧНИК ЗАПИСИ
Страна Российская Федерация
Организация InfoComm
Дата составления 20040205
801 #0 - ИСТОЧНИК ЗАПИСИ
Страна Российская Федерация
Организация NLR
Правила каталогизации PSBO
852 ## - МЕСТОНАХОЖДЕНИЕ И ШИФР ХРАНЕНИЯ
Идентификатор организации NLR
Шифр хранения (Call Number) П7/2065
942 ## - ДОПОЛНИТЕЛЬНЫЕ ЭЛЕМЕНТЫ ЗАПИСИ (АБИС)
Тип экземпляра АБИС Журнал
980 ## - КОЛЛЕКЦИЯ
Название коллекции Русская периодика

Нет доступных экземпляров.